LOTR: Residents of Middle-Earth: Buckland - Statistics

General Stats
  • This quiz has been taken 21 times
  • The average score is 13 of 38
Answer Stats
Answer % Correct
Meriadoc "the Magnificent" (Merry)
100%
Frodo Baggins
81%
Saradoc "Scattergold"
75%
Primula
63%
Gorhendad Oldbuck
44%
Esmeralda Took
38%
Estella Bolger
38%
Gorbadoc "Broadbelt"
38%
Gorbulas
31%
Gormadoc "Deepdelver"
31%
Madoc "Proudneck"
31%
Marmadas
31%
Marmadoc "Masterful"
31%
Marroc
31%
Melilot
31%
Menegilda Goold
31%
Orgulas
31%
Rorimac "Goldfather" (Old Rory)
31%
Seredic
31%
Asphodel
25%
Berilac
25%
Celandine
25%
Dinodas
25%
Doderic
25%
Hanna Goldworthy
25%
Ilberic
25%
Malva Headstrong
25%
Mentha
25%
Merimac
25%
Merimas
25%
Sadoc
25%
Salvia
25%
Saradas
25%
Adaldrida Bolger
19%
Amaranth
19%
Dodinas
19%
Mirabella Took
19%
Hilda Bracegirdle
13%
No matching quizzes found
Score Distribution
Percent of People with Each Score
Percentile by Number Answered
Your Score History
You have not taken this quiz